ბათუმის შოთა რუსთაველის სახელმწიფო უნივერსიტეტის ბიბლიოთეკა

მცხეთა : (ბიბ.ჩანაწერი № 61490)

000 -ლიდერი
ფიქსირებული სიგრძის საკონტროლო ველი 01704nam a2200241 4500
003 - საკონტროლო ნომრის იდენტიფიკატორი
საკონტროლო ველი Ge_BSU
005 - ბოლო ოპერაციის თარიღი და დრო
საკონტროლო ველი 20240319153550.0
008 - ფიქსირებული სიგრძის მონაცემთა ელემენტები - ზოგადი ინფორმაცია
ფიქსირებული სიგრძის საკონტროლო ველი 240319s1955 ge ||||| |||| 00| 0 geo d
041 ## - ენის კოდი
Language code of text/sound track or separate title geo
080 ## - უნივერსალური ათობითი კლასიფიკაციის ინდექსი
Universal Decimal Classification number 902(479.22) (049.32) მ-97
245 ## - ცნობა სათაურის შესახებ
Title მცხეთა :
Remainder of title არქეოლოგიური კვლევა-ძიების შედეგები. არმაზისხევის არქეოლოგიური ძეგლები 1937-1946 წ.წ. განათხარის მიხედვით. ტ. 1 /
Statement of responsibility, etc ა. აფაქიძე, გ. გობეჯიშვილი, ა. კალანდაძე, გ. ლომთათიძე; [რედ.: გ. ჩუბინაშვილი]; საქ. სსრ მეცნ. აკად., ივ. ჯავახიშვილის სახ. ისტორიის ინ-ტი.
264 ## - წარმოების, გამოცემის, დისტრიბუციის და სხვა ცნობები
გამოცემის, წარმოების, დისტრიბუციის... ადგილი თბილისი :
გამოცემის, წარმოების, დისტრიბუციის... სახელწოდება საქ. სსრ მეცნ. აკად. გამ-ბა და სტ.,
გამოცემის, წარმოების, დისტრიბუციის... თარიღი 1955.
300 ## - ფიზიკური აღწერა
Extent 253 გვ. :
Other physical details 61ფ. ტაბულ.
Dimensions 38 სმ.
501 ## - შენიშვნა თანმხლებ მასალაზე
With note გაშლ. თავფ. რუს. ენ.
505 ## - FORMATTED CONTENTS NOTE
Formatted contents note ბიბლიოგრაფია: გვ. 215-23.
520 ## - SUMMARY, ETC.
Summary, etc რეზ. რუს. ენ.
653 ## - INDEX TERM--UNCONTROLLED
Uncontrolled term არქეოლოგიური გათხრები მცხეთაში.
700 ## - ADDED ENTRY--PERSONAL NAME
Personal name აფაქიძე, ა.
Relator term ავტორი
9 (RLIN) 21473
700 ## - ADDED ENTRY--PERSONAL NAME
Personal name გობეჯიშვილი, გ.
Relator term ავტორი
9 (RLIN) 19241
700 ## - ADDED ENTRY--PERSONAL NAME
Personal name კალანდაძე, ა.
Relator term ავტორი
9 (RLIN) 17831
700 ## - ADDED ENTRY--PERSONAL NAME
Personal name ლომთათიძე, გ.
Relator term ავტორი
9 (RLIN) 17832
942 ## - ADDED ENTRY ELEMENTS (KOHA)
Source of classification or shelving scheme
Koha item type წიგნი
ეგზემპლარები
ჩამოწერის სტატუსი დაკარგული ეგზემპლარის სტატუსი კლასიფიკაციის წყარო ან თაროზე გაწყობის სქემა დაზიანების სტატუსი არ გაიცემა მუდმივი მდებარეობა (დაცვის ადგილი) ამჟამინდელი ადგილსამყოფელი თაროზე განთავსების ადგილი შეძენის თარიღი ღირებულება, შესყიდვის ნორმალური ფასი სრული შენახვის შიფრი შტრიხკოდი ბოლო ოპერაციის თარიღი ეგზემპლარის მიმდევრობითი ნომერი (კეტერი?) ფასის ძალაში შესვლის თარიღი ეგზემპლარის სახეობა საჯარო შენიშვნა
          ბათუმის შოთა რუსთაველის სახელმწიფო უნივერსიტეტის მთავარი ბიბლიოთეკა ბათუმის შოთა რუსთაველის სახელმწიფო უნივერსიტეტის მთავარი ბიბლიოთეკა წიგნსაცავი 2024-03-19 15.00 902(479.22) (049.32) მ-97 65826 2024-03-19 65826 2024-03-19 წიგნი 15 ლ.